000 00515nam a22001697a 4500
008 150327b xxu||||| |||| 00| 0 eng d
050 _aB2430.B4 E5
100 _aBergson, Henri
_916758
245 _aMind-Energy, Lectures and Essays
_cHenri Bergson
260 _aNew York
_bHenry Holt and Company
_c2002
300 _ax, 262p. ;
_c23cm.
440 _aClassic reprint series
_97675
500 _aPublished originally in 1920
650 _aPhilosophy
_916759
650 _aPsychology
_920
942 _2lcc
_cMONOGRAPH
999 _c122544
_d122544